000 00879 a2200277 4500
003 Nust
005 20170207154041.0
010 _a 2006273803
020 _a0596007752 (pbk.)
020 _a9780596007751
035 _a(OCoLC)ocm58828429
040 _cNust
082 0 4 _a005.8
100 1 _aTynan, Dan.
245 1 0 _aComputer privacy annoyances(E-BOOK)
_bhow to avoid the most annoying invasions of your personal and online privacy /
_cDan Tyan.
250 _a1st ed.
260 _aSebastopol, CA ;
_aFarnham :
_bO'Reilly Media,
_cc2005.
300 _axii, 177 p. :
_bill. ;
_c26 cm.
500 _aIncludes index.
650 0 _aComputer security.
650 0 _aComputers
_xAccess control.
650 0 _aData protection.
650 0 _aIdentity theft.
651 _aE-BOOK
856 4 2 _3Publisher description
_uhttp://www.loc.gov/catdir/enhancements/fy0715/2006273803-d.html
942 _2ddc
_cBK
999 _c192631
_d192631